000 02010nam a2200541 i 4500
001 25686
003 KOSZ 005
005 20200708092958.0
008 200426s1973 pl a f 001 0 pol
015 _aUWD 1974/4276
035 _a991030115769705066
035 _a(PL-WaBN)b18123259-48omnis_nlop
035 _ab18123259
035 _a(OCoLC)749405715
035 _a(PL)b0000001812325
035 _a(EXLNZ-48OMNIS_NETWORK)9910288641805606
040 _aWA N
_cWA N
_dKOSZ 005/RW
046 _k1973
080 _a627.8
080 _a624.1
080 _a(075.8)
245 0 0 _aZapory ziemne /
_c[autorzy Kazimierz Czyżewski et al.].
260 _aWarszawa :
_b"Arkady",
_c1973.
300 _a443, [1] strony :
_bilustracje, wykresy ;
_c25 cm.
336 _aTekst
_btxt
_2rdacontent
337 _aBez urządzenia pośredniczącego
_bn
_2rdamedia
338 _aWolumin
_bnc
_2rdacarrier
380 _aKsiążki
380 _aPublikacje fachowe
380 _aPublikacje dydaktyczne
388 _a1901-2000
388 _a1945-1989
504 _aBibliografia przy rozdziałach. Indeks.
521 8 _aKsiążka jest podręcznikiem dla studentów wydziałów melioracji wyższych uczelni rolniczych, może być ponadto wykorzystana przez inżynierów i techników melioracji wodnych oraz budownictwa wodnego.
650 7 _aNasyp (budowla)
_2DBN
650 7 _aWały przeciwpowodziowe
_2DBN
655 7 _aPodręczniki akademickie
655 7 _aPraca zbiorowa
658 _aArchitektura i budownictwo
700 1 _aCzyżewski, Kazimierz
_d(1921-1982)
_eAutor
700 1 _aWolski, Wojciech
_d(1930- )
_eAutor
700 1 _aWójcicki, Stanisław
_d(1922-2009)
_eAutor
700 1 _aŻbikowski, Armand
_d(1910-1995)
_eAutor
710 2 _aWydawnictwo Arkady
_4pbl
856 _uhttp://koha.tu.koszalin.pl/cgi-bin/koha/opac-detail.pl?biblionumber=25686
_yKatalog online BPK
942 _2UKD
_cKS
999 _c25686
_d25686